Toàn cầu hóa: Cơ hội và thách thức đối với lao động Việt Nam

محفوظ في:
التفاصيل البيبلوغرافية
التنسيق: كتاب
منشور في: 2002
الوسوم: إضافة وسم
لا توجد وسوم, كن أول من يضع وسما على هذه التسجيلة!
Thư viện lưu trữ: Mạng thư viện Đại học Đà Nẵng
LEADER 00495nam a22001811a 4500
001 000039080
003 15375
005 20160412021915.0
008 160412s2002 000
082 |a 4V(TK)615 
245 |a Toàn cầu hóa: Cơ hội và thách thức đối với lao động Việt Nam  |c Nguyễn Bá Ngọc 
260 |c 2002 
OWN |a LNN 
999 |a From the UDN01 
TYP |a Monograph 
980 |a Mạng thư viện Đại học Đà Nẵng